Hikmah kejadian lelaki

Bibliographic Details
Corporate Author: Title
Format: Book
Published: Kuala Lumpur : Darul Nu'man , 2002
Subjects:

MARC

LEADER 00000cam a2200000 7i4500
001 0000013252
005 20080109.0
008 080109
020 |a 9830463419 
090 0 0 |a 297.57081   |b HIK 
245 1 0 |a Hikmah kejadian lelaki   |c Susunan Khairul Ghazali 
260 |a Kuala Lumpur :   |b Darul Nu'man ,   |c 2002 
650 0 |a Islam   |x Customs and practices 
650 0 |a Men   |x Conduct of life   |x Islam 
710 0 |a Title 
999 |a 0000924572   |b Book   |c Adult Collection   |e Cawangan Bukit Gambir 
999 |a 0000933305   |b Book   |c Adult Collection   |e Cawangan Tangkak 
999 |a 0001008467   |b Book   |c Adult Collection   |e Perbadanan Perpustakaan Awam Johor 
999 |a 0001008468   |b Book   |c Adult Collection   |e Perbadanan Perpustakaan Awam Johor 
999 |a 0001008469   |b Book   |c Adult Collection   |e Cawangan Bandar Penawar 
999 |a 0001009541   |b Book   |c Adult Collection   |e Perbadanan Perpustakaan Awam Johor 
999 |a 0001009542   |b Book   |c Adult Collection   |e Perbadanan Perpustakaan Awam Johor